Moderne Länder des spanischen Kolonialreichs - Statistiken

Allgemein
  • Dieses Quiz wurde 12.383 mal gespielt
  • Das Durchschnittsergebnis liegt bei 27 aus 33
Antworten auf der Karte
Die Antworten werden auf der Karte rot bzw. grün angezeigt, abhängig davon wie oft sie richtig erraten wurden.
 
Antwortstatistiken
Land % Korrekt
Mexiko
99%
Chile
98%
Vereinigte Staaten
98%
Spanien
97%
Argentinien
96%
Peru
96%
Kolumbien
95%
Kuba
95%
Venezuela
95%
Bolivien
94%
Panama
94%
Uruguay
94%
Brasilien
93%
Paraguay
93%
Ecuador
92%
Costa Rica
87%
Honduras
87%
Guatemala
85%
Nicaragua
85%
El Salvador
84%
Guyana
84%
Dominikanische Republik
83%
Philippinen
82%
Belize
81%
Bahamas
76%
Marokko
65%
Föderierte Staaten von Mikronesien
63%
Palau
57%
Marshallinseln
54%
Nauru
53%
Trinidad und Tobago
50%
Kanada
48%
Vereinigtes Königreich
43%
Keine übereinstimmenden Quizze gefunden
Verteilung der Resultate
Anzahl Personen mit jedem Resultat
Perzentil nach korrekt beantworteten Fragen
Ihre Resultats-Entwicklung
Sie haben dieses Quiz noch nicht gespielt